000 01002nam0a22002531 4500
001 rc\3390682
005 20130115154329.3
035 _a(NLR Aleph) 007457693
090 _a7283547
_c7283547
100 _a20130115d1971 |||y0rusy50 ca
101 0 _arus
102 _aRU
105 _aa z |||||
200 1 _aОсевые системы современных высокоточных теодолитов
_fГл. упр. геодезии и картографии при Совете Министров СССР. Центр науч.-исслед. ин-т геодезии, аэрофотосъемки и картографии. ОНТИ ЦНИИГА и К
210 _aМосква
_cБ. и.
_d1971
215 _a51 с.
_cил.
_d21
225 1 _aОбзор
_v№ 14
320 _aБиблиогр.: с. 51
700 1 _aАникст
_bД. А.
_gДмитрий Абрамович
801 0 _aRU
_bNLR
_gpsbo
801 1 _aRU
_bELAR
_2rusmarc
852 _aNLR
_jП51/1087
942 _cBOOK
980 _aNB